| 000 | 00431nam a2200169Ia 4500 | ||
|---|---|---|---|
| 003 | GCL | ||
| 008 | 140319s9999 xx 000 0 eng d | ||
| 040 |
_aGCL / _cGCL |
||
| 082 | 0 | 4 |
_a920.71 _bM S |
| 100 | 1 | _aMEYERS, JEFFREY | |
| 245 | 1 | 0 |
_aSCOTT FITZGERALD: A BIOGRAPHY / _cMEYERS, JEFFREY |
| 260 |
_a[S.N] : _bMACMILLAN ، _c1994 |
||
| 300 | _a400 P | ||
| 650 | 0 | 4 | _aSCOTT FITZGERALD |
| 650 | 0 | 4 | _aBIOGRAPHIES |
| 942 |
_2ddc _cBK |
||
| 999 |
_c24969 _d24969 |
||